| 000 | 03843nam a2200205Ia 4500 | ||
|---|---|---|---|
| 999 |
_c8083 _d8083 |
||
| 005 | 20250702105620.0 | ||
| 008 | 230506s9999 xx 000 0 und d | ||
| 020 | _a9502014197 | ||
| 040 |
_aUPAN _cBiblioteca San Vicente _eRCAA2 |
||
| 041 | _aspa | ||
| 082 |
_a345.02 _bF667d _c2002 |
||
| 100 |
_aFontan Balestra, Carlos _4aut. |
||
| 245 | 0 |
_aDerecho penal (Parte especial)./ _bCarlos Fontan Balestra |
|
| 250 | _a16° ed. | ||
| 260 |
_aBuenos Aires: _bLexis-Nexis, _c2002 |
||
| 300 |
_a1051 p.: _c23 cm. |
||
| 505 | _aTitulo I: Delitos contra las personas. Capitulo I. Delitos contra la vida. Capitulo II. El delito de lesiones. Capitulo III. El homicidio y las lesiones en riña o agresión. Capitulo IV. El duelo. Capitulo V. Los abusos de armas. Capitulo VI. Abandono de las personas. Titulo II: Delitos contra el honor. Titulo III: Delitos contra la integridad sexual. Capitulo I. Adultero. Capitulo II. Abuso sexual simple. Capitulo III. Consideraciones generales. Capitulo IV. El ejercicio de la acción por parte del menor victima. Titulo IV: Delitos contra el estado civil. Capitulo I. Matrimonios ilegales. Titulo V: Delitos contra la libertad. Capitulo I. Delitos contra la libertad individual. Capitulo II. La violación de domicilio. Capitulo III. Violación de secretos. Capitulo IV. Delitos contra la libertad de trabajo y asociación. Capitulo V. Delitos contra la libertad de reunión. Titulo VI: Delitos contra la propiedad. Capitulo I. El hurto. Capitulo II. El robo. Capitulo III. La extorsión. Capitulo IV. Estafas y otras defraudaciones. Capitulo V. Quebrados y otros deudores punibles. Capitulo VI. La usurpación. Titulo VII: Delitos contra la seguridad pública. Capitulo I. Incendios y otros estragos. Capitulo II. Delitos contra la seguridad de los medios de transporte y de comunicación. Capitulo III. Piratería. Capitulo IV. Delitos contra la salud pública. Titulo VIII: Delitos contra el orden público. Capitulo I. Instigación a cometer delitos. Capitulo II. Asociación ilícita. Capitulo III. Intimidación pública. Capitulo IV. Apología del crimen. Capitulo V. Otros atentados contra el orden público. Titulo IX: Delitos contra la seguridad de la nación. Capitulo I. Traición. Capitulo II. Delitos que comprometan la paz y la dignidad de la nación. Titulo X: Delitos contra los poderes públicos y el orden constitucional. Capitulo I. Atentados al orden constitucional y a la vida democrática. Capitulo II. Sedición. Capitulo III. Disposiciones comunes a los capítulos precedentes. Titulo XI: Delitos contra la administración pública. Capitulo I. Atentado y resistencia contra la autoridad. Capitulo II. Falsa denuncia. Capitulo III. Usurpación de autoridad, títulos u honores. Capitulo IV. Abuso de autoridad y violación de los deberes de los funcionarios públicos. Capitulo V. Violación de sellos y documentos. Capitulo VI. El cohecho y trafico de influencias. Capitulo VII. Malversación de caudales públicos. Capitulo VIII. Negociaciones incompatibles con el ejercicio de funciones públicas. Capitulo IX. Las exacciones ilegales. Capitulo X. El prevaricato. Capitulo XI. Denegación y retardo de justificación. Capitulo XII. Falso testimonio. Capitulo XIII. Encubrimiento y lavado de activos de origen delictivo. Capitulo XIV. Evasión y quebrantamiento de pena. Titulo XII: Delitos contra la fe pública. Capitulo I. Falsificación de moneda, billetes de banco, títulos al portador y documentos de crédito. Capitulo II. Falsificación de sellos, timbres y marcas. Capitulo III. Falsificación de documentos en general. Capitulo IV. De los fraudes al comercio y a la industria. Capitulo V. Del pago con cheques sin provisión de fondos. | ||
| 650 |
_2LEMB _aDerecho Penal |
||
| 942 |
_cBK _2ddc |
||